Normal view MARC view
  • Kato, Isao , Kato, Isao

Entry Personal Name

Number of records used in: 1

001 - CONTROL NUMBER

  • control field: 63187

003 - CONTROL NUMBER IDENTIFIER

  • control field: NUST

005 - DATE AND TIME OF LATEST TRANSACTION

  • control field: 20210628203057.0

008 - FIXED-LENGTH DATA ELEMENTS

  • fixed length control field: 210628|| aca||aabn | a|a d

040 ## - CATALOGING SOURCE

  • Original cataloging agency: NUST
  • Transcribing agency: NUST

100 ## - HEADING--PERSONAL NAME

  • Personal name: Kato, Isao , Kato, Isao

670 ## - SOURCE DATA FOUND

  • Source citation: Work cat.: (NUST): Kato, Isao , Kato, Isao, Toyota kaizen methods , six steps to improvement, 2011
© 2023 Central Library, National University of Sciences and Technology. All Rights Reserved.